[Event "East Region-ch U12"]
[Site "Medellin"]
[Date "2011.03.??"]
[Round "5.4"]
[White "Munoz Silva, Joan Sebastian"]
[Black "Varela, Maria de los Angele"]
[Result "0-1"]
[WhiteElo "1364"]
[BlackElo "1495"]
[PlyCount "28"]
[EventDate "2011.03.18"]
[EventType "tourn"]
[EventRounds "6"]
[EventCountry "COL"]
[SourceTitle "EXT 2024"]
[Source "ChessBase"]
[SourceDate "2023.10.10"]
[SourceVersion "1"]
[SourceVersionDate "2023.10.10"]
[SourceQuality "1"]

1. e4 e5 2. Nf3 Nc6 3. Bc4 Bc5 4. c3 Nf6 5. d4 exd4 6. cxd4 Bb4+ 7. Nc3 Nxe4 8. Qd3 d5 9. a3 Bxc3+ 10. bxc3 0-0 11. 0-0 Bf5 12. h3 dxc4 13. Qxc4 Qf6 14. Nh4 Na5 0-1

[Event "East Region-ch U12"]
[Site "Medellin"]
[Date "2011.03.??"]
[Round "1.5"]
[White "Ramirez, Juliana"]
[Black "Munoz Silva, Joan Sebastian"]
[Result "1-0"]
[WhiteElo "1445"]
[BlackElo "1364"]
[PlyCount "58"]
[EventDate "2011.03.18"]
[EventType "tourn"]
[EventRounds "6"]
[EventCountry "COL"]
[SourceTitle "EXT 2024"]
[Source "ChessBase"]
[SourceDate "2023.10.10"]
[SourceVersion "1"]
[SourceVersionDate "2023.10.10"]
[SourceQuality "1"]

1. e4 e5 2. Nf3 Nc6 3. Bc4 Nf6 4. Nc3 Bc5 5. d3 h6 6. Be3 Bxe3 7. fxe3 d6 8. h3 0-0 9. Qd2 a6 10. 0-0-0 b5 11. Bb3 b4 12. Nd5 a5 13. g4 Be6 14. Ba4 Bd7 15. g5 Nxd5 16. exd5 Ne7 17. Bxd7 Qxd7 18. gxh6 Rfe8 19. Qf2 gxh6 20. Rdg1+ Kf8 21. Qg3 Nxd5 22. Qg7+ Ke7 23. Qxh6 Qe6 24. Qh4+ Qf6 25. Qf2 Qf5 26. e4 Qf4+ 27. Kb1 Nf6 28. h4 Rg8 29. Rxg8 Rxg8 1-0